<?xml version="1.0" encoding="UTF-8"?><?xml-stylesheet type="text/xsl" href="static/style.xsl"?><OAI-PMH xmlns="http://www.openarchives.org/OAI/2.0/" xmlns:xsi="http://www.w3.org/2001/XMLSchema-instance" xsi:schemaLocation="http://www.openarchives.org/OAI/2.0/ http://www.openarchives.org/OAI/2.0/OAI-PMH.xsd"><responseDate>2026-04-17T19:01:29Z</responseDate><request verb="GetRecord" identifier="oai:www.recercat.cat:10230/42310" metadataPrefix="marc">https://recercat.cat/oai/request</request><GetRecord><record><header><identifier>oai:recercat.cat:10230/42310</identifier><datestamp>2025-12-20T20:23:44Z</datestamp><setSpec>com_2072_6</setSpec><setSpec>col_2072_452954</setSpec></header><metadata><record xmlns="http://www.loc.gov/MARC21/slim" xmlns:dcterms="http://purl.org/dc/terms/" xmlns:xsi="http://www.w3.org/2001/XMLSchema-instance" xmlns:doc="http://www.lyncode.com/xoai" xsi:schemaLocation="http://www.loc.gov/MARC21/slim http://www.loc.gov/standards/marcxml/schema/MARC21slim.xsd">
   <leader>00925njm 22002777a 4500</leader>
   <datafield ind2=" " ind1=" " tag="042">
      <subfield code="a">dc</subfield>
   </datafield>
   <datafield ind2=" " ind1=" " tag="720">
      <subfield code="a">Kun Masvidal, Mireia</subfield>
      <subfield code="e">author</subfield>
   </datafield>
   <datafield ind2=" " ind1=" " tag="260">
      <subfield code="c">2019-09-20T12:25:38Z</subfield>
   </datafield>
   <datafield ind2=" " ind1=" " tag="260">
      <subfield code="c">2019-09-20T12:25:38Z</subfield>
   </datafield>
   <datafield ind2=" " ind1=" " tag="260">
      <subfield code="c">2019-09-20</subfield>
   </datafield>
   <datafield ind2=" " ind1=" " tag="520">
      <subfield code="a">Unitat didàctica de primer de Batxillerat (especialitat Ciències Naturals). El·laborada dins el Màster de Formació del Professorat d&amp;apos;Educació Secundària i Batxillerat UPF-UOC</subfield>
   </datafield>
   <datafield ind2=" " ind1=" " tag="520">
      <subfield code="a">Tutor: Iván Marchan</subfield>
   </datafield>
   <datafield ind2=" " ind1=" " tag="520">
      <subfield code="a">Mentor: Vicent Albinyana (Ins Les Aimerigues, Terrassa)</subfield>
   </datafield>
   <datafield ind2=" " ind1=" " tag="520">
      <subfield code="a">Aquesta seqüència didàctica és un petit estudi de cas sobre el càncer dissenyat per a l’assignatura de Biologia de 1er de Batxillerat. A partir d’un cas clínic fictici, es presenta una situació de malaltia com a context per treballar les bases cel·lulars i moleculars del càncer. A més, es treballen els procediments de prevenció, diagnòstic i tractament de la malaltia, i s’aprofita per explorar el camp de la recerca biomèdica. Per tal de vincular la intervenció amb els estudis que l’alumnat cursarà posteriorment, es dona especial importància a les competències de recerca i la comunicació científica. La seqüència inclou cinc sessions d’una hora i l’alumnat treballa en grups cooperatius. A partir d’una sèrie de conceptes bàsics treballats a classe, ha d’escollir una especialitat de l’àmbit d’oncologia, realitzar una recerca i participar en una reunió simulada de l’equip mèdic per elaborar conjuntament el producte final que dóna resposta al cas.</subfield>
   </datafield>
   <datafield tag="653" ind2=" " ind1=" ">
      <subfield code="a">Càncer</subfield>
   </datafield>
   <datafield tag="653" ind2=" " ind1=" ">
      <subfield code="a">Cicle cel·lular</subfield>
   </datafield>
   <datafield tag="653" ind2=" " ind1=" ">
      <subfield code="a">Treball en equip</subfield>
   </datafield>
   <datafield tag="653" ind2=" " ind1=" ">
      <subfield code="a">Investigació</subfield>
   </datafield>
   <datafield ind2="0" ind1="0" tag="245">
      <subfield code="a">Cicle cel·lular i càncer</subfield>
   </datafield>
</record></metadata></record></GetRecord></OAI-PMH>